Administración y desarrollo gerencial
Saved in:
| Main Authors: | , |
|---|---|
| Format: | Bog |
| Sprog: | spansk |
| Udgivet: |
Ciudad de México
Diana
1981
|
| Udgivelse: | 3a. ed |
| Fag: | |
| Tags: |
Tilføj Tag
Ingen Tags, Vær først til at tagge denne postø!
|
MARC
| LEADER | 00000nam a2200000 a 4500 | ||
|---|---|---|---|
| 001 | UCU0409 | ||
| 003 | CL-VaPUC | ||
| 008 | 960322e19810000MX |||||||||||||||||spa|d | ||
| 082 | 0 | 4 | |a 658.4 |b GAR |2 21 |
| 100 | 0 | |a García Manzano, Oscar |e author |9 355539 | |
| 700 | 0 | |a Martin, Flor de María |e author |9 355540 | |
| 245 | 1 | 0 | |a Administración y desarrollo gerencial |
| 250 | |a 3a. ed | ||
| 300 | |a 307 p | ||
| 942 | |c BK | ||
| 945 | |d 19960322 00:00:00 |a cmena | ||
| 260 | |a Ciudad de México |b Diana |c 1981 | ||
| 650 | 0 | |a Administración de empresas |9 260833 | |
| 650 | 0 | |a Organización |9 256369 | |
| 650 | 7 | |a GERENTES |2 CL-VaPUC |9 341797 | |
| 583 | |a last modification |c 19960322 00:00:00 |k Rodrigo Vera | ||
| 999 | |c 245265 |d 245263 | ||
| 952 | |0 0 |1 0 |4 0 |6 658_400000000000000_GAR_1981 |7 0 |8 A |9 259725 |a BIBEDU |b BIBEDU |d 2019-11-19 |i 1633686 |o 658.4 GAR 1981 |p 1633686 |r 2019-11-19 |w 2019-11-19 |y BK |k EDU | ||